000 00295nam a22001337a 4500
008 170808b xxu||||| |||| 00| 0 eng d
020 _a9780071633444
041 _aeng
080 _a004
100 _a34
101 _aSHKI
245 _aDYNAMIC WEB PROGRAMMING
_cMATTHEWS, M
942 _2udc
_cBK
999 _c22878
_d22878